00510ntaaa2200193 45000030003000000050017000030080021000200400037000410820017000782450020000952500010001152600046001253000010001715000062001816500013002436500026002566500014002827000020002960120251027202332.00714s1973 ag 01  aAR-BaBNbspacAR-BaBNeaacrdRIC a294.0000 P89 aThe song of God a1 ed. aNew York : bNew American Library, c1954 a143 p aThe Bhagavad-Gita is the timeless epic of the Hindu faith amisiones areligiones comparadas ahinduismo aHuxley, Aldous